Statistiche per Stemmi Squadre di calcio - Bundesliga - Quiz n°2

Clicka qui per fare il quiz!

Statistiche generali

  • Questo quiz è stato fatto 63 volte
  • Il punteggio medio è 8 su 10

Statistiche sulle risposte

Risposta% Corretto
SV Darmstadt 98
97%
Sport-Verein Werder von 1899
95%
Fußball-Club Gelsenkirchen-Schalke 04
93%
Sport-Club Freiburg
93%
Hamburger Sport-Verein
91%
Fußball-Club St. Pauli von 1910
86%
Hannoverscher Sportverein von 1896
86%
Fußball-Club Augsburg 1907
81%
Düsseldorfer Turn- und Sportverein Fortuna 1895
57%
1. Fußball-Club Kaiserslautern
50%

Distribuzione punteggi

Percentile per numero di risposta

Percentuale di utenti per punteggio

I tuoi punteggi nel tempo

Non hai fatto questo quiz